Poníci od stříbrné řeky. Jízdárna v ohrožení /
Další příběh jedenáctileté Poppy, která se svou kamarádkou Scarlet řeší podezřelé nehody v jejich stáji.
Uloženo v:
| Série: | Poníci od stříbrné řeky,
část 4 |
|---|---|
| Hlavní autor: | |
| Další autoři: | |
| Médium: | E-kniha |
| Jazyk: | Czech |
| Vydáno: |
Praha :
Fragment,
2021
|
| Vydání: | 1. vydání |
| Témata: | |
| Příbuzné jednotky: | Z cyklu::
Poníci od stříbrné řeky |
| Tagy: |
Žádné tagy |
| LEADER | 02702nam a2200505 i 4500 | ||
|---|---|---|---|
| 001 | 311424 | ||
| 003 | CZ PrSKC | ||
| 005 | 20260601215705.0 | ||
| 007 | ta | ||
| 008 | 211103s2021 xr c 000 f cze | ||
| 015 | |a cnb003369587 | ||
| 020 | |a 9788025353370 |q (vázáno) : |c Kč 249,00 | ||
| 035 | |a (OCoLC)1291383004 | ||
| 040 | |a ABG001 |b cze |e rda | ||
| 041 | 1 | |a cze |h eng | |
| 072 | 7 | |a 821.111-3 |x Anglická próza, anglicky psaná |2 Konspekt | |
| 072 | 7 | |a 821-93 |x Literatura pro děti a mládež (beletrie) |2 Konspekt | |
| 080 | |a 821.111-31 |2 MRF | ||
| 080 | |a 821-93 |2 MRF | ||
| 080 | |a (0:82-31) |2 MRF | ||
| 100 | 1 | |a Wills, Amanda |7 xx0240945 |4 aut | |
| 240 | 1 | 0 | |a Redhall riders. |l Česky |
| 245 | 1 | 0 | |a Poníci od stříbrné řeky. |p Jízdárna v ohrožení / |c Amanda Willsová ; z anglického originálu Redhall riders ... přeložila Romana Kempná |
| 246 | 3 | 0 | |a Jízdárna v ohrožení |
| 250 | |a 1. vydání | ||
| 264 | 1 | |a Praha : |b Fragment, |c 2021 | |
| 300 | |a 125 stran ; |c 20 cm | ||
| 336 | |a text |b txt |2 rdacontent | ||
| 337 | |a bez média |b n |2 rdamedia | ||
| 338 | |a svazek |b nc |2 rdacarrier | ||
| 500 | |a Na hřbetu knihy označení: 4 | ||
| 520 | 2 | |a Další příběh jedenáctileté Poppy, která se svou kamarádkou Scarlet řeší podezřelé nehody v jejich stáji. |b Když vyjížďka na ponících pořádaná jejich jízdárnou skončí tragédií, ocitnou se Poppy a Scarlet přímo uprostřed pátrání. Začnou se totiž dít divné věci a nevypadá to, že jde o náhody. Kdo má na stáje vztek a chce je zničit? Podezření padne na konkurenční jezdeckou školu Claydon Manor, je ale jejich bezohledná manažerka opravdu na vině? Aby toho nebylo málo, neznámý vetřelec vypustí ze stájí Neba a on uteče na blata... Nakladatelská anotace. | |
| 521 | 8 | |a Pro čtenáře od 11 let | |
| 655 | 7 | |a anglické romány |7 fd131814 |2 czenas | |
| 655 | 7 | |a publikace pro děti |7 fd133156 |2 czenas | |
| 655 | 9 | |a English fiction |2 eczenas | |
| 655 | 9 | |a children's literature |2 eczenas | |
| 700 | 1 | |a Neumanová, Romana, |d 1967- |7 ola2003193804 |4 trl | |
| 787 | 0 | 8 | |i Z cyklu: |t Poníci od stříbrné řeky |g 4 |
| 900 | |a ABA001 |b 20 | ||
| 928 | 9 | |a Albatros Media - Fragment | |
| 044 | |a xr | ||
| 910 | |a RBIT002 | ||
| 998 | |d 336290 |a https://core.palmknihy.cz/api/books/336290/cover?si6bt1 |b https://core.palmknihy.cz/api/books/336290/cover/400?si6bt1 |c https://core.palmknihy.cz/api/books/336290/cover/50?si6bt1 |e 2028-02-22 |g 128 |i 9788025353370 |j https://core.palmknihy.cz/api/books/336290/preview.epub |k https://core.palmknihy.cz/api/books/336290/preview.pdf |l |q 49 |r 1 |s https://www.palmknihy.cz/kniha/336290 |t ebook |y 2021 |z 0 |v Poníci od stříbrné řeky |w 4 | ||
| 999 | |d 311422 | ||